000
00211 a2200097 4500
001
13474
100
_a
Oppenheim F
245
_a
dimensions of freedom
260
_a
New York
_b
Macmillan
_c
090
_c
10479
_d
10479
942
_a
NUST-CAE
_c
M
_c
535
999
_c
248547
_d
248547